000 00660nam a2200205Ii 4500
003 JO-AjNU
008 230605s9999||||xx |||||||||||||| ||und||
017 _a1979/2712
040 _aJO-AjNU
_bara
_erda
_cJO-AjNU
041 _aara
050 1 4 _aLB41.N3296 1979
100 3 _aيس،نبيه,
_eauthor
_98019
245 0 0 _aأبعاد متطورة للفكر التربوي
264 3 1 _aمصر:مكتبة الخانجي،1979
300 _a515ص
336 _atext
_btxt
_2rdacontent
337 _aunmediated
_bn
_2rdamedia
338 _avolume
_bnc
_2rdacarrier
650 4 _aالتربية و التعليم. التربية والتعليم-فلسفة
_98020
999 _aA575
_c4143
_d4143